Homenaje a Francisco Ayala / (Record no. 177872)
[ view plain ]
| 000 -LEADER | |
|---|---|
| campo de control de longitud fija | 01160nam a2200277 i 4500 |
| 001 - NÚMERO DE CONTROL | |
| campo de control | 177872 |
| 003 - IDENTIFICADOR DE NÚMERO DE CONTROL | |
| campo de control | ES-MaACL |
| 005 - FECHA Y HORA DE LA ÚLTIMA TRANSACCIÓN | |
| campo de control | 20250823085853.0 |
| 008 - DATOS DE LONGITUD FIJA--INFORMACIÓN GENERAL | |
| campo de control de longitud fija | 110503s2008 pr aco |||| |dspa d |
| 080 ## - NÚMERO DE LA CLASIFICACIÓN DECIMAL UNIVERSAL | |
| Número de la Clasificación Decimal Universal | 860Ayala, Francisco1.06:082 |
| 245 00 - MENCIÓN DEL TÍTULO | |
| Título | Homenaje a Francisco Ayala / |
| Mención de responsabilidad, etc. | número coordinado por Iris M. Zavala. |
| 260 ## - PUBLICACIÓN, DISTRIBUCIÓN, ETC. | |
| Lugar de publicación, distribución, etc. | San Juan de Puerto Rico : |
| Nombre del editor, distribuidor, etc. | Universidad de Puerto Rico, |
| Fecha de publicación, distribución, etc. | 2008. |
| 300 ## - DESCRIPCIÓN FÍSICA | |
| Extensión | XVII, 380 p. : |
| Otras características físicas | il., fot. ; |
| Dimensiones | 23 cm. |
| 490 1# - MENCIÓN DE SERIE | |
| Mención de serie | La Torre : Revista de la Universidad de Puerto Rico ; |
| Designación de volumen o secuencia | XIII, n. 48, abril-jun. 2008 |
| 504 ## - NOTA DE BIBLIOGRAFÍA, ETC. | |
| Nota de bibliografía, etc. | Referencias bibliográficas. |
| 600 14 - PUNTO DE ACCESO ADICIONAL DE MATERIA--NOMBRE DE PERSONA | |
| Nombre de persona | Ayala, Francisco, |
| Fechas asociadas al nombre | 1906-2009- |
| Subdivisión de forma | Homenajes |
| 9 (RLIN) | 24114 |
| 600 14 - PUNTO DE ACCESO ADICIONAL DE MATERIA--NOMBRE DE PERSONA | |
| Nombre de persona | Ayala, Francisco, |
| Fechas asociadas al nombre | 1906-2009- |
| Subdivisión general | Crítica e interpretación |
| 9 (RLIN) | 24112 |
| 700 1# - ENTRADA AGREGADA--NOMBRE PERSONAL | |
| Nombre de persona | Ayala, Francisco, |
| Fechas asociadas al nombre | 1906-2009 |
| 9 (RLIN) | 24111 |
| 700 1# - ENTRADA AGREGADA--NOMBRE PERSONAL | |
| Nombre de persona | Zavala, Iris M. |
| 9 (RLIN) | 118105 |
| 710 2# - ENTRADA AGREGADA--NOMBRE DE ENTIDAD CORPORATIVA | |
| Nombre de entidad corporativa o nombre de jurisdicción como elemento de entrada | Universidad de Puerto Rico |
| 9 (RLIN) | 7273 |
| 830 0# - PUNTO DE ACCESO ADICIONAL DE SERIE-TÍTULO UNIFORME | |
| Título uniforme | La Torre : Revista de la Universidad de Puerto Rico ; |
| Designación de volumen o secuencia | XIII, n. 48, abril-jun. 2008 |
| 9 (RLIN) | 224222 |
| 852 ## - LOCALIZACIÓN | |
| Ubicación | ES-MaACL |
| itemnumber | R.145391 |
| Número de control de estantería | A-11134 |
| Signatura antigua | Olim:N-4139 |
| Ubicación en estantería | Depósito 1 |
| 942 ## - ELEMENTOS DE ENTRADA SECUNDARIOS (KOHA) | |
| Fuente del sistema de clasificación o colocación | Clasificación decimal universal |
| Tipo de ítem Koha | Libro impreso |
| Estatus retirado | Estado de pérdida | Fuente del sistema de clasificación o colocación | Estado de daño | No para préstamo | Biblioteca de origen | Biblioteca actual | Ubicación en estantería | Fecha de adquisición | Fuente de adquisición | Total de préstamos | Signatura topográfica completa | Código de barras | Visto por última vez | Precio de reemplazo | Tipo de ítem Koha |
|---|---|---|---|---|---|---|---|---|---|---|---|---|---|---|---|
| Clasificación decimal universal | Biblioteca del Ateneo de Madrid | Biblioteca del Ateneo de Madrid | Depósito 1 | 03/05/2011 | Donación | A-11134 | 1186858 | 23/02/2023 | 23/02/2023 | Libro impreso |
